LDR 01143naa#a2200229#i#450# 001 RU\\bibl\126162 005 20260630045834.2 011 ## _a2077-7566 100 ## _a20260629b2026####ek#y0rusy0150####ca 101 0# _aRUS 102 ## _aRU 200 1# _aВЛИЯНИЕ ПРОТЕЗИРОВАНИЯ С ОПОРОЙ НА ДЕНТАЛЬНЫЕ ИМПЛАНТАТЫ НА ФУНКЦИОНАЛЬНОЕ СОСТОЯНИЕ ВИСОЧНО-НИЖНЕЧЕЛЮСТНОГО СУСТАВА _eЖурнальная статья 210 1# _aЕкатеринбург _cИздательский Дом «ТИРАЖ» _d2026 215 ## _a9 с. 608 ## _aЖурнальная статья _2local 675 ## _aСтоматология. Заболевания ротовой полости и зубов. 616.31 _zRUS 700 #1 _aДегтярев _gНикита Евгеньевич 700 #1 _aМураев _gАлександр Александрович 700 #1 _aКазарян _gГенрих Геворгович 700 #1 _aИванов _gСергей Сергеевич 700 #1 _aМухаметшин _gРоман Флоридович 856 4# _adental-press.ru _u